Tratamiento de datos personales : (Registro nro. 5234)

Detalles MARC
000 -LEADER
fixed length control field 01117nam a2200253Ia 4500
003 - CONTROL NUMBER IDENTIFIER
control field OSt
005 - DATE AND TIME OF LATEST TRANSACTION
control field 20200420101317.0
008 - FIXED-LENGTH DATA ELEMENTS--GENERAL INFORMATION
fixed length control field 191128s2013 ck gr 000 0 spa d
020 ## - INTERNATIONAL STANDARD BOOK NUMBER
International Standard Book Number 9789587670868
040 ## - CATALOGING SOURCE
Original cataloging agency CO-JMCR
Transcribing agency CO-JMCR
041 0# - LANGUAGE CODE
Language code of text/sound track or separate title spa
082 04 - DEWEY DECIMAL CLASSIFICATION NUMBER
Classification number 323.448 /
Item number R256t
Edition number 23
100 1# - MAIN ENTRY--PERSONAL NAME
Personal name Remolina Angarita, Nelson,
Relator term autor
9 (RLIN) 3217
245 10 - TITLE STATEMENT
Title Tratamiento de datos personales :
Remainder of title aproximación internacional y comentarios a la ley 1581 de 2012 /
Statement of responsibility, etc. Nelson Remolina Angarita
250 ## - EDITION STATEMENT
Edition statement Primera edición
260 ## - PUBLICATION, DISTRIBUTION, ETC.
Place of publication, distribution, etc. Bogotá :
Name of publisher, distributor, etc. Legis,
Date of publication, distribution, etc. 2013
300 ## - PHYSICAL DESCRIPTION
Extent 375 páginas ;
Dimensions 24 cm.
504 ## - BIBLIOGRAPHY, ETC. NOTE
Bibliography, etc. note Bibliografía: páginas 369-375
505 0# - FORMATTED CONTENTS NOTE
Formatted contents note Del tratamiento de datos personales: conceptos y contexto internacional -- Aproximación constitucional al tratamiento de datos personales -- Hábeas data y tratamiento de datos personales en la jurisprudencia antes de la ley 1581 de 2012
650 14 - SUBJECT ADDED ENTRY--TOPICAL TERM
Topical term or geographic name entry element Ley 1581 de 2012 Protección de datos personales
General subdivision legislación
Geographic subdivision Colombia
9 (RLIN) 3218
650 14 - SUBJECT ADDED ENTRY--TOPICAL TERM
Topical term or geographic name entry element Derecho a la intimidad
General subdivision legislación
Geographic subdivision Colombia
9 (RLIN) 3219
650 14 - SUBJECT ADDED ENTRY--TOPICAL TERM
Topical term or geographic name entry element Hábeas data
9 (RLIN) 3220
942 ## - ADDED ENTRY ELEMENTS (KOHA)
Source of classification or shelving scheme Dewey Decimal Classification
Koha item type Books
Existencias
Withdrawn status Lost status Source of classification or shelving scheme Damaged status Not for loan Collection code Home library Current library Date acquired Source of acquisition Cost, normal purchase price Total Checkouts Full call number Barcode Date last seen Copy number Koha item type
    Dewey Decimal Classification     Non-fiction Biblioteca Pública José María del Castillo y Rada Biblioteca Pública José María del Castillo y Rada 04/15/2018 Donación 0.00   323.448 / R256t 430001554 05/16/2024 Ej.1 Books